<?xml version="1.0" encoding="UTF-8"?>
<record
    xmlns:xsi="http://www.w3.org/2001/XMLSchema-instance"
    xsi:schemaLocation="http://www.loc.gov/MARC21/slim http://www.loc.gov/standards/marcxml/schema/MARC21slim.xsd"
    xmlns="http://www.loc.gov/MARC21/slim">

  <leader>04457cam a22005414i 4500</leader>
  <controlfield tag="003">PE-LiUPU</controlfield>
  <controlfield tag="005">20250731180126.0</controlfield>
  <controlfield tag="008">150625s1982    sp a    r     001 0 spa d</controlfield>
  <datafield tag="020" ind1=" " ind2=" ">
    <subfield code="a">9788420005041</subfield>
  </datafield>
  <datafield tag="035" ind1=" " ind2=" ">
    <subfield code="a">(Sirsi) a31325</subfield>
  </datafield>
  <datafield tag="040" ind1=" " ind2=" ">
    <subfield code="a">PE-LiUPU</subfield>
    <subfield code="b">spa</subfield>
    <subfield code="c">PE-LiUPU</subfield>
    <subfield code="e">rda</subfield>
  </datafield>
  <datafield tag="041" ind1="1" ind2=" ">
    <subfield code="a">spa</subfield>
    <subfield code="h">eng</subfield>
  </datafield>
  <datafield tag="042" ind1=" " ind2=" ">
    <subfield code="a">PRUA</subfield>
  </datafield>
  <datafield tag="082" ind1="0" ind2="4">
    <subfield code="a">574.192</subfield>
    <subfield code="b">S36</subfield>
    <subfield code="2">21</subfield>
  </datafield>
  <datafield tag="100" ind1="1" ind2=" ">
    <subfield code="a">Segel, Irwin H.,</subfield>
    <subfield code="e">autor.</subfield>
  </datafield>
  <datafield tag="245" ind1="1" ind2="0">
    <subfield code="a">Calculos de Bioquimica :</subfield>
    <subfield code="b">Como resolver problemas matem&#xE1;ticos de bioqu&#xED;mica general/</subfield>
    <subfield code="c">Irwin H. Segel.</subfield>
  </datafield>
  <datafield tag="250" ind1=" " ind2=" ">
    <subfield code="a">segunda edici&#xF3;n.</subfield>
  </datafield>
  <datafield tag="264" ind1=" " ind2="1">
    <subfield code="a">Zaragoza :</subfield>
    <subfield code="b">Acribia,</subfield>
    <subfield code="c">1982.</subfield>
  </datafield>
  <datafield tag="300" ind1=" " ind2=" ">
    <subfield code="a">564 p&#xE1;ginas :</subfield>
    <subfield code="b">ilustraciones;</subfield>
    <subfield code="c">24 cm.</subfield>
  </datafield>
  <datafield tag="336" ind1=" " ind2=" ">
    <subfield code="a">text</subfield>
    <subfield code="2">rdacontent</subfield>
  </datafield>
  <datafield tag="337" ind1=" " ind2=" ">
    <subfield code="a">unmediated</subfield>
    <subfield code="2">rdamedia</subfield>
  </datafield>
  <datafield tag="338" ind1=" " ind2=" ">
    <subfield code="a">volume</subfield>
    <subfield code="2">rdacarrier</subfield>
  </datafield>
  <datafield tag="504" ind1=" " ind2=" ">
    <subfield code="a">&#xCD;ndice : p&#xE1;ginas 555-564.</subfield>
  </datafield>
  <datafield tag="505" ind1="0" ind2=" ">
    <subfield code="a">Qu&#xED;mica &#xE1;cido-base -- Disoluciones acuosas -- Constantes de equilibrio -- &#xC1;cidos y bases -- Tampones de laboratorio -- Amino&#xE1;cidos y p&#xE9;ptidos -- Tampones sangu&#xED;neos -- Problemas pr&#xE1;cticos -- Qu&#xED;mica de mol&#xE9;culas Biol&#xF3;gicas -- Amino&#xE1;cidos, p&#xE9;ptidos y prote&#xED;nas -- Hidratos de carbono -- L&#xED;pidos -- Nucle&#xF3;tidos y &#xE1;cidos nucl&#xE9;icos -- Problemas pr&#xE1;cticos -- Energ&#xE9;tica bioqu&#xED;mica -- Reacciones que producen y reacciones que necesitan energ&#xED;a -- C&#xE1;lculo de las concentraciones en equilibrio -- Reacciones de oxidaci&#xF3;n-reducci&#xF3;n -- Metabolismo y producci&#xF3;n de ATP -- Fosforilaci&#xF3;n fotosint&#xE9;tica -- Transporte activo -- Entalp&#xED;a y entrop&#xED;a -- Energ&#xED;a de activaci&#xF3;n -- Problemas pr&#xE1;cticos -- Enzimas -- Los enzimas como catalizadores biol&#xF3;gicos -- Cin&#xE9;tica enzim&#xE1;tica -- Orden de reacci&#xF3;n -- M&#xE9;todo de representaci&#xF3;n de datos de los cin&#xE9;ticas enzim&#xE1;ticas -- Inhibici&#xF3;n enzim&#xE1;tica -- Efecto del pH sobre la estabilidad  y actividad de los enzimas -- Efecto de la temperatura sobre la estabilidad y actividad de los enzimas -- Ensayos enzim&#xE1;ticos -- Enzimas multisustrato y mecanismos cin&#xE9;ticos -- Enzimas con sitios m&#xFA;ltiples y alost&#xE9;ricos -- Recambio enzim&#xE1;tico -- Problemas pr&#xE1;cticos -- Espectrofotometr&#xED;a y otros m&#xE9;todos &#xF3;pticos -- Espectrofotometr&#xED;a -- Fluorimetr&#xED;a --Rotaci&#xF3;n &#xF3;ptica-polarimetr&#xED;a -- Problemas pr&#xE1;cticos -- Is&#xF3;topos en Bioqu&#xED;mica -- Is&#xF3;topos y desintegraci&#xF3;n radioactiva -- Disoluciones de compuestos radioactivos -- Ensayos utilizando sustratos radiactivos -- An&#xE1;lisis de doble marcaje -- Vida media biol&#xF3;gica-recambio -- Trazadores radioactivos y an&#xE1;lisis por diluci&#xF3;n --errores de contaje -- Is&#xF3;topos estables -- Problemas pr&#xE1;cticos -- Ap&#xE9;ndice -- Propiedades de las disoluciones comerciales concentradas de &#xE1;cidos y bases -- Fraccionamiento con sulfato am&#xF3;nico s&#xF3;lido -- Fraccionamiento con disoluci&#xF3;n saturada de sulfato am&#xF3;nico -- Valores de pKa de &#xE1;cidos y bases utilizados para preparar tampones -- coeficientes de actividad de algunos iones en disoluci&#xF3;n acuosa -- Factores de correcci&#xF3;n de pKa debidos a  la fuerza i&#xF3;nica -- Valores de constantes de ionizaci&#xF3;n pKa, pKb, y pI de algunos amino&#xE1;cidos comunes -- Valores de AG' para la hidr&#xF3;lisis de algunos compuestos de importancia biol&#xF3;gica --Potenciales normales de reducci&#xF3;n de algunas semirreacci&#xF3;n de oxidaci&#xF3;n-reducci&#xF3;n -- M&#xE1;ximos y coeficientes de absorci&#xF3;n de algunos compuestos de importancia bioqu&#xED;mica -- Rotaci&#xF3;n espec&#xED;fica de algunos hidratos de carbono y derivados -- Radiois&#xF3;topos utilizados de investigaci&#xF3;n biol&#xF3;gica -- Respuesta a los problemas pr&#xE1;cticos -- Logaritmos -- N&#xFA;meros at&#xF3;micos y pesos at&#xF3;micos de los elementos.</subfield>
  </datafield>
  <datafield tag="526" ind1=" " ind2=" ">
    <subfield code="a">SEG44</subfield>
  </datafield>
  <datafield tag="526" ind1=" " ind2=" ">
    <subfield code="a">SEG26</subfield>
  </datafield>
  <datafield tag="526" ind1=" " ind2=" ">
    <subfield code="a">P159</subfield>
  </datafield>
  <datafield tag="526" ind1=" " ind2=" ">
    <subfield code="a">P155</subfield>
  </datafield>
  <datafield tag="526" ind1=" " ind2=" ">
    <subfield code="a">P154</subfield>
  </datafield>
  <datafield tag="526" ind1=" " ind2=" ">
    <subfield code="a">P153</subfield>
  </datafield>
  <datafield tag="526" ind1=" " ind2=" ">
    <subfield code="a">P150</subfield>
  </datafield>
  <datafield tag="526" ind1=" " ind2=" ">
    <subfield code="a">P100</subfield>
  </datafield>
  <datafield tag="526" ind1=" " ind2=" ">
    <subfield code="a">P31</subfield>
  </datafield>
  <datafield tag="526" ind1=" " ind2=" ">
    <subfield code="a">P30</subfield>
  </datafield>
  <datafield tag="526" ind1=" " ind2=" ">
    <subfield code="a">P26</subfield>
  </datafield>
  <datafield tag="526" ind1=" " ind2=" ">
    <subfield code="a">P25</subfield>
  </datafield>
  <datafield tag="526" ind1=" " ind2=" ">
    <subfield code="a">P24</subfield>
  </datafield>
  <datafield tag="526" ind1=" " ind2=" ">
    <subfield code="a">P22</subfield>
  </datafield>
  <datafield tag="526" ind1=" " ind2=" ">
    <subfield code="a">P15</subfield>
  </datafield>
  <datafield tag="526" ind1=" " ind2=" ">
    <subfield code="a">P10</subfield>
  </datafield>
  <datafield tag="534" ind1=" " ind2=" ">
    <subfield code="p">T&#xED;tulo original :</subfield>
    <subfield code="t">"Biochemical calculations 2nd edition" How to solve mathematical problems in general biochemistry.</subfield>
  </datafield>
  <datafield tag="942" ind1=" " ind2=" ">
    <subfield code="2">ddc</subfield>
    <subfield code="c">BOOK</subfield>
  </datafield>
  <datafield tag="949" ind1=" " ind2=" ">
    <subfield code="a">574.192 S36</subfield>
    <subfield code="w">DEWEY</subfield>
    <subfield code="c">1</subfield>
    <subfield code="i">28207</subfield>
    <subfield code="l">CCODEBUL1</subfield>
    <subfield code="m">BUL</subfield>
    <subfield code="p">00.00</subfield>
    <subfield code="r">0</subfield>
    <subfield code="s">Y</subfield>
    <subfield code="t">BOOK</subfield>
    <subfield code="u">2015-06-25</subfield>
    <subfield code="x">BIBLIOTECA</subfield>
    <subfield code="z">UNKNOWN</subfield>
    <subfield code="0">COMPRA</subfield>
    <subfield code="o">.STAFF. Colecci&#xF3;n General</subfield>
  </datafield>
  <datafield tag="994" ind1=" " ind2=" ">
    <subfield code="a">CO</subfield>
    <subfield code="b">PEPRU</subfield>
  </datafield>
  <datafield tag="596" ind1=" " ind2=" ">
    <subfield code="a">1</subfield>
  </datafield>
  <datafield tag="999" ind1=" " ind2=" ">
    <subfield code="a">574.192 S36</subfield>
    <subfield code="w">DEWEY</subfield>
    <subfield code="c">38867</subfield>
    <subfield code="i">28207</subfield>
    <subfield code="d">38867</subfield>
    <subfield code="f">2021-11-5</subfield>
    <subfield code="g">5</subfield>
    <subfield code="l">CCODEBUL1</subfield>
    <subfield code="m">BUL</subfield>
    <subfield code="p">75.00</subfield>
    <subfield code="q">6</subfield>
    <subfield code="r">0</subfield>
    <subfield code="s">Y</subfield>
    <subfield code="t">BOOK</subfield>
    <subfield code="u">2015-6-25</subfield>
    <subfield code="x">BIBLIOTECA</subfield>
    <subfield code="z">UNKNOWN</subfield>
    <subfield code="0">COMPRA</subfield>
    <subfield code="o">.STAFF. Colecci&#xF3;n Ciencias de la Salud</subfield>
  </datafield>
  <datafield tag="980" ind1=" " ind2=" ">
    <subfield code="8">1</subfield>
    <subfield code="g">ALBERTO SANCHEZ Responsable de Automatizaci&#xF3;n</subfield>
  </datafield>
  <datafield tag="952" ind1=" " ind2=" ">
    <subfield code="r">2025-12-02 00:00:00</subfield>
    <subfield code="i">6</subfield>
    <subfield code="l">0</subfield>
    <subfield code="o">574.192 S36</subfield>
    <subfield code="p">28207</subfield>
    <subfield code="t">e1</subfield>
    <subfield code="v">80.00</subfield>
    <subfield code="w">2015-06-25</subfield>
    <subfield code="x">FACIHED</subfield>
    <subfield code="y">BK</subfield>
    <subfield code="z">inventario-2023-12-13</subfield>
    <subfield code="1">0</subfield>
    <subfield code="2">ddc</subfield>
    <subfield code="5">0</subfield>
    <subfield code="7">0</subfield>
    <subfield code="8">GEN</subfield>
    <subfield code="f">P10</subfield>
    <subfield code="a">BUL</subfield>
    <subfield code="b">BUL</subfield>
    <subfield code="c">GEN</subfield>
    <subfield code="d">2015-06-25</subfield>
    <subfield code="e">COMPRA</subfield>
    <subfield code="g">75.00</subfield>
  </datafield>
</record>
